Llwytho...

Master guide to public speaking

Manylion Llyfryddiaeth
Prif Awdur: Montgomery, R L
Fformat: Printed Book
Iaith:Undetermined
English
Cyhoeddwyd: London Harper and Raw Publishers 1979
Pynciau:
LEADER 00526nam a2200157Ia 4500
008 140306s9999 xx 000 0 und d
041 |a eng 
082 |a 302.2  |b MON/MA 
100 |a Montgomery, R L 
245 |a Master guide to public speaking 
260 |a London  |b Harper and Raw Publishers  |c 1979 
300 |a 139 
650 |a Rural Development 
942 |2 ddc  |c BK 
999 |c 119886  |d 119886 
952 |0 0  |1 0  |2 ddc  |4 0  |6 302_200000000000000_MONMA  |7 0  |9 119091  |a KAUHCV  |b KAUHCV  |d 2004-05-05  |o 302.2 MON/MA  |p KAU_HCV-17776  |r 2014-03-22  |w 2014-03-22  |y BK